00471nam a2200145Ia 4500008004100000020001800041082001600059100002100075245008800096260002300184300001300207650003600220650004800256650002100304220501s2020 xx 000 0 eng d a9789389698022 a658.8 DUT-F aDutta, Bholanath 0aFundamentals of sales and distribution management : text and casescBholanath Dutta aNOIDAbWileyc2020 axiv, 281 aMarketing channels - Management aPhysical distribution of goods - Management aSales management